LEADER 01148nam0 22002891i 450 001 UON00328520 005 20231205104210.697 100 $a20090731d1965 |0itac50 ba 101 $aita 102 $aIT 105 $a|||| 1|||| 200 1 $aAntonio Gramsci$fSalvatore Francesco Romano 210 $aTorino$cUTET$dc1965 215 $a605 p., 18 c. di tav.$cill.$d24 cm. 410 1$1001UON00171363$12001 $aˆLa ‰ vita sociale della nuova Italia$fcollezione diretta da Nino Valeri$1210 $aTorino$cUTET$v8 606 $aBIOGRAFIE$xSec. 19.-20.$3UONC057263$2FI 606 $aGRAMSCI ANTONIO$xBiografie$3UONC072591$2FI 620 $aIT$dTorino$3UONL000014 676 $a324.2$cPartiti politici$v21 700 1$aRomano$bSalvatore Francesco$3UONV106847$00 712 $aUtet$3UONV246439$4650 801 $aIT$bSOL$c20250214$gRICA 899 $aSIBA - SISTEMA BIBLIOTECARIO DI ATENEO$2UONSI 912 $aUON00328520 950 $aSIBA - SISTEMA BIBLIOTECARIO DI ATENEO$dSI ITA II 0553 $eSI MR 80862 5 0553 996 $aAntonio Gramsci$9139381 997 $aUNIOR